| 000 | 00642nam a2200229Ia 4500 | ||
|---|---|---|---|
| 005 | 20260320201850.0 | ||
| 008 | 008 262003s9999 xx 000 0 eng d | ||
| 037 | _aEBOOK | ||
| 040 | _aCRL | ||
| 040 | _beng | ||
| 040 | _cCRL | ||
| 041 | _2eng | ||
| 041 | _aeng | ||
| 084 | _qCRL | ||
| 100 |
_aFranssens _91136158 |
||
| 245 | 0 | _aHands-on Kubernetes on Azure: Use Azure Kubernetes Service to automate management, scaling, and deployment of containerized applications | |
| 260 | _bIEEE | ||
| 856 | _uhttps://ieeexplore.ieee.org/servlet/opac?bknumber=10163552 | ||
| 942 | _cEBOOK | ||
| 999 |
_c1723981 _d1723981 |
||